<?xml version="1.0" encoding="UTF-8"?>
<record
    xmlns:xsi="http://www.w3.org/2001/XMLSchema-instance"
    xsi:schemaLocation="http://www.loc.gov/MARC21/slim http://www.loc.gov/standards/marcxml/schema/MARC21slim.xsd"
    xmlns="http://www.loc.gov/MARC21/slim">

  <leader>01900nam0a2200373   4500</leader>
  <controlfield tag="001">RU\NLR\BIBL_A\011781066</controlfield>
  <controlfield tag="005">20210218122043.0</controlfield>
  <datafield tag="010" ind1=" " ind2=" ">
    <subfield code="a">978-5-386-10884-7</subfield>
  </datafield>
  <datafield tag="021" ind1=" " ind2=" ">
    <subfield code="a">RU</subfield>
    <subfield code="b">&#x41A;&#x41D;-&#x41F;-18-055727</subfield>
    <subfield code="9">&#x41A;&#x41D;-&#x41F;-18-4020</subfield>
  </datafield>
  <datafield tag="035" ind1=" " ind2=" ">
    <subfield code="a">(NLR Aleph) 011781066</subfield>
  </datafield>
  <datafield tag="035" ind1=" " ind2=" ">
    <subfield code="a">(RuMoRGB)009702361</subfield>
  </datafield>
  <datafield tag="090" ind1=" " ind2=" ">
    <subfield code="a">11776980</subfield>
    <subfield code="c">11776980</subfield>
  </datafield>
  <datafield tag="100" ind1=" " ind2=" ">
    <subfield code="a">20180903d2018    k  y0rusy50      ca</subfield>
  </datafield>
  <datafield tag="101" ind1="0" ind2=" ">
    <subfield code="a">rus</subfield>
  </datafield>
  <datafield tag="102" ind1=" " ind2=" ">
    <subfield code="a">RU</subfield>
  </datafield>
  <datafield tag="105" ind1=" " ind2=" ">
    <subfield code="a">y zzzz0|||1zd</subfield>
  </datafield>
  <datafield tag="200" ind1="1" ind2=" ">
    <subfield code="a">&#x41F;&#x443;&#x442;&#x44C; &#x443;&#x447;&#x435;&#x43D;&#x438;&#x43A;&#x430;</subfield>
    <subfield code="e">&#x432;&#x432;&#x435;&#x434;&#x435;&#x43D;&#x438;&#x435; &#x432; &#x431;&#x443;&#x434;&#x434;&#x438;&#x437;&#x43C;</subfield>
    <subfield code="f">&#x415;&#x432;&#x433;&#x435;&#x43D;&#x438;&#x439; &#x422;&#x43E;&#x440;&#x447;&#x438;&#x43D;&#x43E;&#x432;</subfield>
  </datafield>
  <datafield tag="210" ind1=" " ind2=" ">
    <subfield code="a">&#x421;&#x430;&#x43D;&#x43A;&#x442;-&#x41F;&#x435;&#x442;&#x435;&#x440;&#x431;&#x443;&#x440;&#x433;</subfield>
    <subfield code="c">&#x41F;&#x430;&#x43B;&#x44C;&#x43C;&#x438;&#x440;&#x430; ;</subfield>
    <subfield code="d">2018</subfield>
    <subfield code="a">&#x41C;&#x43E;&#x441;&#x43A;&#x432;&#x430;</subfield>
    <subfield code="c">&#x420;&#x418;&#x41F;&#x41E;&#x41B; &#x43A;&#x43B;&#x430;&#x441;&#x441;&#x438;&#x43A;</subfield>
  </datafield>
  <datafield tag="215" ind1=" " ind2=" ">
    <subfield code="a">429, [1] &#x441;.</subfield>
    <subfield code="d">21</subfield>
  </datafield>
  <datafield tag="300" ind1=" " ind2=" ">
    <subfield code="a">&#x41D;&#x430; 4-&#x439; &#x441;. &#x43E;&#x431;&#x43B;. &#x430;&#x432;&#x442;.: &#x434;. &#x444;&#x438;&#x43B;&#x43E;&#x441;. &#x43D;. &#x415;. &#x410;. &#x422;&#x43E;&#x440;&#x447;&#x438;&#x43D;&#x43E;&#x432;, &#x443;&#x447;&#x435;&#x43D;&#x44B;&#x439;-&#x440;&#x435;&#x43B;&#x438;&#x433;&#x438;&#x43E;&#x432;&#x435;&#x434;, &#x431;&#x443;&#x434;&#x434;&#x43E;&#x43B;&#x43E;&#x433;, &#x441;&#x438;&#x43D;&#x43E;&#x43B;&#x43E;&#x433;, &#x438;&#x441;&#x442;&#x43E;&#x440;&#x438;&#x43A; &#x444;&#x438;&#x43B;&#x43E;&#x441;&#x43E;&#x444;&#x438;&#x438; &#x438; &#x43A;&#x443;&#x43B;&#x44C;&#x442;&#x443;&#x440;&#x44B; &#x41A;&#x438;&#x442;&#x430;&#x44F;, &#x43F;&#x435;&#x440;&#x435;&#x432;&#x43E;&#x434;&#x447;&#x438;&#x43A;</subfield>
  </datafield>
  <datafield tag="320" ind1=" " ind2=" ">
    <subfield code="a">&#x411;&#x438;&#x431;&#x43B;&#x438;&#x43E;&#x433;&#x440;. &#x432; &#x43A;&#x43E;&#x43D;&#x446;&#x435; &#x43B;&#x435;&#x43A;&#x446;&#x438;&#x439; &#x438; &#x432; &#x43F;&#x43E;&#x434;&#x441;&#x442;&#x440;&#x43E;&#x447;. &#x43F;&#x440;&#x438;&#x43C;&#x435;&#x447;.</subfield>
  </datafield>
  <datafield tag="606" ind1="1" ind2=" ">
    <subfield code="a">&#x411;&#x443;&#x434;&#x434;&#x438;&#x437;&#x43C;</subfield>
    <subfield code="x">&#x418;&#x441;&#x442;&#x43E;&#x440;&#x438;&#x44F;</subfield>
    <subfield code="2">nlr_sh1</subfield>
    <subfield code="2">nlr_sh2</subfield>
    <subfield code="3">RU\NLR\AUTH\661371822</subfield>
  </datafield>
  <datafield tag="686" ind1="2" ind2=" ">
    <subfield code="a">&#x42D;35-3</subfield>
  </datafield>
  <datafield tag="700" ind1=" " ind2="1">
    <subfield code="a">&#x422;&#x43E;&#x440;&#x447;&#x438;&#x43D;&#x43E;&#x432;</subfield>
    <subfield code="b">&#x415;. &#x410;.</subfield>
    <subfield code="f">1956-2003</subfield>
    <subfield code="g">&#x415;&#x432;&#x433;&#x435;&#x43D;&#x438;&#x439; &#x410;&#x43B;&#x435;&#x43A;&#x441;&#x435;&#x435;&#x432;&#x438;&#x447;</subfield>
  </datafield>
  <datafield tag="856" ind1="4" ind2=" ">
    <subfield code="l">VNP_ZSOCEC</subfield>
    <subfield code="t">VIEW</subfield>
    <subfield code="u">https://webservices.nlr.ru/viewer/file?name=a011781066_002.txt</subfield>
    <subfield code="y">&#x410;&#x43D;&#x43D;&#x43E;&#x442;&#x430;&#x446;&#x438;&#x44F;</subfield>
  </datafield>
  <datafield tag="856" ind1="4" ind2=" ">
    <subfield code="l">VNP_ZSOCEC</subfield>
    <subfield code="t">VIEW</subfield>
    <subfield code="u">https://webservices.nlr.ru/viewer/file?name=p011781066_003.jpg</subfield>
    <subfield code="x">001</subfield>
    <subfield code="y">&#x421;&#x442;&#x440;&#x430;&#x43D;&#x438;&#x446;&#x430;</subfield>
  </datafield>
  <datafield tag="856" ind1="4" ind2=" ">
    <subfield code="l">VNP_ZSOCEC</subfield>
    <subfield code="t">VIEW</subfield>
    <subfield code="u">https://webservices.nlr.ru/viewer/file?name=p011781066_004.jpg</subfield>
    <subfield code="x">002</subfield>
    <subfield code="y">&#x421;&#x442;&#x440;&#x430;&#x43D;&#x438;&#x446;&#x430;</subfield>
  </datafield>
  <datafield tag="856" ind1="4" ind2="1">
    <subfield code="l">VNP_ZSOCEC</subfield>
    <subfield code="t">VIEW</subfield>
    <subfield code="u">https://webservices.nlr.ru/viewer/file?name=t011781066_001.jpg</subfield>
    <subfield code="y">&#x41E;&#x431;&#x43B;&#x43E;&#x436;&#x43A;&#x430;</subfield>
  </datafield>
  <datafield tag="942" ind1=" " ind2=" ">
    <subfield code="c">BOOK</subfield>
  </datafield>
  <datafield tag="980" ind1=" " ind2=" ">
    <subfield code="a">NBR</subfield>
  </datafield>
  <datafield tag="980" ind1=" " ind2=" ">
    <subfield code="a">NB</subfield>
  </datafield>
</record>
